Pays plus grand que la France - Mort Subite - Statistiques

Statistiques générales
  • Ce quiz a été pris 459 fois
  • Le résultat moyen est 4 sur 13
Answers on the Grid
Answers color-coded by a green-red scale on the quiz's grid according to % correct below.
Afghanistan
Algérie
Allemagne
Australie
Birmanie
Bolivie
Brésil
Canada
Chine
Espagne
Indonésie
Kenya
Madagascar
Maroc
Mauritanie
Nigéria
République Centrafricaine
Russie
Somalie
Suède
Thailande
Turquie
Ukraine
Venezuela
 
Statistiques - réponses
Réponse % Correct
17 098 246 km2 Russie
57%
8 515 767 km2 Brésil
55%
9 600 000 km2 Chine
52%
9 984 670 km2 Canada
51%
7 692 024 km2 Australie
50%
2 381 741 km2 Algérie
43%
780 004 km2 Turquie
29%
1 910 931 km2 Indonésie
26%
923 768 km2 Nigéria
17%
1 030 700 km2 Mauritanie
13%
1 098 581 km2 Bolivie
9%
912 050 km2 Venezuela
9%
676 553 km2 Birmanie
4%
Aucun quiz correspondant
Distribution des résultats
% des personnes avec chaque résultat
Percentile par nombre de réponses
Votre historique - résultats
Vous n’avez pas pris ce quiz